Kételkedés vagy rágalmazás? kritikai gondolkodás a józan ész határain innen és túl /
Elmentve itt :
| Szerző: | |
|---|---|
| További közreműködők: | |
| Dokumentumtípus: | Könyv része |
| Megjelent: |
1998
|
| Sorozat: | Szegedi bölcsészfüzetek
9 A szabadulás esélyei a libertínusok fogságából 9 |
| Kulcsszavak: | Tudományelmélet, Filozófiai gondolkodás |
| Tárgyszavak: | |
| Online Access: | http://acta.bibl.u-szeged.hu/45563 |
| LEADER | 00915naa a2200241 i 4500 | ||
|---|---|---|---|
| 001 | acta45563 | ||
| 005 | 20220121133854.0 | ||
| 008 | 170425s1998 hu o 0|| hun d | ||
| 020 | |a 963 482 287 8 | ||
| 022 | |a 1215-2870 | ||
| 040 | |a SZTE Egyetemi Kiadványok Repozitórium |b hun | ||
| 041 | |a hun | ||
| 100 | 1 | |a Fejér Ádám | |
| 245 | 1 | 0 | |a Kételkedés vagy rágalmazás? |h [elektronikus dokumentum] : |b kritikai gondolkodás a józan ész határain innen és túl / |c Fejér Ádám |
| 260 | |c 1998 | ||
| 300 | |a 109-111 | ||
| 490 | 0 | |a Szegedi bölcsészfüzetek |v 9 | |
| 490 | 0 | |a A szabadulás esélyei a libertínusok fogságából |v 9 | |
| 650 | 4 | |a Bölcsészettudományok | |
| 650 | 4 | |a Filozófia, etika és vallástudományok | |
| 695 | |a Tudományelmélet, Filozófiai gondolkodás | ||
| 700 | 0 | 1 | |a Descartes René |
| 856 | 4 | 0 | |u http://acta.bibl.u-szeged.hu/45563/1/bolcseszfuzetek_1998_109-111.pdf |z Dokumentum-elérés |